| 000 | 00467aam a2200193 4500 | ||
|---|---|---|---|
| 005 | 20170214141722.0 | ||
| 008 | 150818b xxu||||| |||| 00| | spa d | ||
| 041 | _aspa | ||
| 082 | _a1.2.1 S939h | ||
| 100 |
_aSuáez, Rafael _940055 |
||
| 245 | _aLa Hotelería de carne y hueso | ||
| 260 | _aMéxico | ||
| 260 | _bPanorama | ||
| 260 | _c1992 | ||
| 300 | _a159 páginas | ||
| 650 |
_aADMINISTRACIÓN HOTELERA _93716 |
||
| 650 |
_aHOTELERÍA _96011 |
||
| 942 | _cBK | ||
| 999 |
_c7164 _d7164 |
||